000 00682nam a22002177a 4500
999 _c5493
_d5493
003 AR-CdUCM
008 190312b ||||| |||| 00| 0 spa d
040 _aMUNICIPALIDAD PROVINCIAL DEL CUSCO
_cBIBLIOTECA MUNICIPAL DEL CUSCO
082 _a869.56 /
_bC31
100 _aCarrillo Espejo, Francisco E.
_915092
245 _aPequeños Poemas Comprometidos /
260 _aLima :
_bEdiciones de la Rama Florida,
_c1967.
300 _a27 paginas ;
_c18cm.
500 _aSe agrego el tercer ejemplar por que tiene dedicatoria.
505 _aPoesias
650 _aPoesias Peruanas
_92190
650 _aSiglo XX
_98
650 _aLiteratura
_983
942 _2ddc
_cLIBROS
945 _apjha